000 00315nam a2200121Ia 4500
008 230301s9999 xx 000 0 und d
041 _aeng
082 _a079.54,AHU
100 _aB.N. AHUJA
245 _aHISTORY OF INDIAN PRESS GROWTH OF NEWSPAPERS IN INDIA
260 _aNEW DELHI
_b SURJEET PUB
365 _cRS
999 _c145083
_d145083